000 01226cam a22003497a 4500
003 CHAP
005 20220329142532.0
008 010824d2001 mx r 00110 spa d
010 _a84648
011 _a85620
035 _a96155
040 _cCHAP
090 _aTesis
100 0 0 _aGonzález Gallardo, Jaime.
_948917
245 1 3 _aEl crédito y el análisis de estados financieros en la empresa forestal
_c/por Jaime González Gallardo
260 _aChapingo, Méx. :
_bEl autor,
_c2001.
300 _a124 h.
502 _aTesis (Ing. Forestal con orientación en Evaluación y Abastecimiento) -- UACH. División de Ciencias Forestales
590 _aALEPH
_b10
_c20130110
_lUCH01
_h1443
590 _aBATCH-UPD
_b10
_c20130110
_lUCH01
_h0530
590 _aBATCH-UPD
_b10
_c20130410
_lUCH01
_h0210
590 _aBATCH-UPD
_b10
_c20130914
_lUCH01
_h1059
590 _aCONVERSION
_b10
_c20130109
_lUCH01
_h1347
650 1 4 _aCrédito forestal.
_929094
650 1 4 _aCrédito
_xMéxico.
_929018
650 1 4 _aEstados financieros.
_938269
901 _aBK
905 _aAlejandra Carrasco M.
942 _cFOLL
949 _bBC
_cTES
_d33724000853784
_eTS2
_fc.2
_h38537
_i96155
_sb
949 _bBC
_cTES
_d961551
_eTS1
_h38536
_i96155
_sb
999 _c84648
_d84648